Dyktatorzy w XX wieku - świat - Statystyki

Ogólne statystyki
  • Ten quiz został rozwiązany 104 razy
  • Średni wynik to 12 z 40
Statystyki odpowiedzi
Podpowiedź
(kraj i okres czasowy)
Odpowiedź
(dyktator)
% Poprawnych
Republika Kuby (1959-2011) Fidel Castro
88%
Chińska Republika Ludowa (1949-1976) Mao Zedong
85%
Koreańska Republika Ludowo-Demokratyczna (1945-1994) Kim Ir Sen
76%
Koreańska Republika Ludowo-Demokratyczna (1994-2011) Kim Dzong Il
66%
Republika Chile (1973-1990) Augusto Pinochet
59%
Demokratyczna Kampucza (1975-1979) Pol Pot
58%
Republika Chińska (1928-1975) Czang Kaj-szek
50%
Republika Ugandy (1971-1979) Idi Amin
50%
Republika Iraku (1979-2003) Saddam Husajn
50%
Boliwariańska Republika Wenezueli (1999-2013) Hugo Chavez
43%
Libijska Republika Arabska (1969-2011) Muammar Kaddafi
43%
Republika Argentyńska (1974-1976) Isabel Peron
39%
Republika Argentyńska (1946-1955;1973-1974) Juan Peron
39%
Demokratyczna Republika Wietnamu (1945-1969) Hồ Chí Minh
38%
Cesarstwo Japonii (1941-1944) Hideki Tojo
36%
Arabska Republika Egiptu (1954-1970) Gamal Abdel Naser
33%
Republika Kuby (1952-1959) Fulgencio Batista
31%
Indonezja (1967-1998) Suharto
31%
Republika Zairu (1965-1997) Mobutu Sese Seko
28%
Republika Zimbabwe (1980-2017) Robert Mugabe
26%
Indonezja (1945-1967) Sukarno
26%
Cesarstwo Iranu (1941-1979) Mohammad Reza Pahlawi
25%
Cesarstwo Etiopii (1930-1935;1941-1974) Hajle Syllasje I
22%
Republika Dominikańska (1930-1961) Rafael Leónidas Trujillo
16%
Syryjska Republika Arabska (1970-2000) Hafiz al-Asad
15%
Arabska Republika Egiptu (1981-2011) Hosni Mubarak
15%
Arabska Republika Egiptu (1970-1981) Anwar as-Sadat
14%
Republika Haiti (1957-1971) Francois Duvalier
11%
Chińska Republika Ludowa (1976-1981) Hua Guofeng
9%
Wenezuela (1952-1958) Marcos Perez Jimenez
9%
Ludowo-Demokratyczna Republika Etiopii (1974-1991) Mengistu Haile Mariam
8%
Republika Paragwaju (1954-1989) Alfredo Stroessner
7%
Związek Birmański (1958-1960;1962-1988) Ne Win
5%
Republika Kolumbii (1904-1909) Rafael Reyes Prieto
3%
Jemen Północny/Jemeńska Republika Arabska (1978-2012) Ali Abdullah Saleh
2%
Republika Peru (1908-1912;1919-1930) Augusto Leguía
2%
Wenezuela (1908-1913;1922-1929;1931-1935) Juan Vicente Gomez Chacon
2%
Grenada (1979-1983) Maurice Bishop
2%
Wenezuela (1948-1950) Carlos Delgado Chalbaud
1%
Laotańska Republika Ludowo-Demokratyczna (1975-1992) Kaysone Phomvihan
0%
Nie znaleziono quizów pasujących do podanych kryteriów
Rozkład punktacji
Procent ludzi z każdym wynikiem
Percentyl według liczby udzielonych odpowiedzi
Twoja historia wyników
Nie rozwiązałeś tego quizu